Modern control theory / (Record no. 178745)
[ view plain ]
| 000 -LEADER | |
|---|---|
| fixed length control field | 01417 a2200229 4500 |
| 003 - CONTROL NUMBER IDENTIFIER | |
| control field | Nust |
| 005 - DATE AND TIME OF LATEST TRANSACTION | |
| control field | 20230905094748.0 |
| 010 ## - LIBRARY OF CONGRESS CONTROL NUMBER | |
| LC control number | 2005925392 |
| 020 ## - INTERNATIONAL STANDARD BOOK NUMBER | |
| Terms of availability | 3540239510 (hd.bd.) |
| 035 ## - SYSTEM CONTROL NUMBER | |
| System control number | (OCoLC)ocm60846252 |
| 040 ## - CATALOGING SOURCE | |
| Transcribing agency | Nust |
| 082 00 - DEWEY DECIMAL CLASSIFICATION NUMBER | |
| Classification number | 629.8,BUB |
| 100 1# - MAIN ENTRY--PERSONAL NAME | |
| Personal name | Bubnicki, Zdzis?aw. |
| 9 (RLIN) | 99306 |
| 245 10 - TITLE STATEMENT | |
| Title | Modern control theory / |
| Statement of responsibility, etc. | Zdzislaw Bubnicki. |
| 260 ## - PUBLICATION, DISTRIBUTION, ETC. | |
| Place of publication, distribution, etc. | Berlin ; |
| -- | New York : |
| Name of publisher, distributor, etc. | Springer, |
| Date of publication, distribution, etc. | c2005. |
| 300 ## - PHYSICAL DESCRIPTION | |
| Extent | x, 423 p. : |
| Other physical details | 104 fig. ; |
| Dimensions | 25 cm. |
| 505 ## - FORMATTED CONTENTS NOTE | |
| Formatted contents note | General Characteristics of Control Systems (Page-1), Formal Models of Control Systems (Page-17), Control for the Given Sate (Page-41), Optimal Control With Complete Information on the Plant (Page-65), Parametric Optimization (Page-97), Application of Relational Description of Uncertainty (Page-117), Application of Probabilistic Description of Uncertainty (Page-143), Uncertain Variables and Their Applications (Page-193), Fuzzy Variables Analogies and Soft Variables (Page-221), Control in Closed Loop Systems Stability (Page-259), Adaptive and Learning Control Systems (Page-299), Intelligent and Complex Control Systems (Page-327), Control of Operation Systems (Page-363). |
| 650 #0 - SUBJECT ADDED ENTRY--TOPICAL TERM | |
| Topical term or geographic name entry element | Telecommunication Engineering |
| 856 41 - ELECTRONIC LOCATION AND ACCESS | |
| Materials specified | Publisher description |
| Uniform Resource Identifier | <a href="http://www.loc.gov/catdir/enhancements/fy0663/2005925392-d.html">http://www.loc.gov/catdir/enhancements/fy0663/2005925392-d.html</a> |
| 856 41 - ELECTRONIC LOCATION AND ACCESS | |
| Materials specified | Table of contents only |
| Uniform Resource Identifier | <a href="http://www.loc.gov/catdir/toc/fy0608/2005925392.html">http://www.loc.gov/catdir/toc/fy0608/2005925392.html</a> |
| 942 ## - ADDED ENTRY ELEMENTS (KOHA) | |
| Koha item type | Reference |
| Source of classification or shelving scheme | |
| Withdrawn status | Lost status | Source of classification or shelving scheme | Damaged status | Not for loan | Permanent Location | Current Location | Shelving location | Date acquired | Full call number | Barcode | Date last seen | Price effective from | Koha item type | Public note |
|---|---|---|---|---|---|---|---|---|---|---|---|---|---|---|
| Military College of Signals (MCS) | Military College of Signals (MCS) | Reference | 12/12/2016 | 629.8,BUB | MCS32497 | 12/08/2016 | 12/12/2016 | Reference | Almirah No.24, Shelf No.1 |
